000 00766nam a2200229Ia 4500
999 _c41068
_d41068
001 7717
003 GE_BSU
005 20210531140542.0
008 181216s2005||||enk|||||||||||||| ||eng||
020 _a3540761756
040 _cGE_BSU
041 _aeng
080 _a519.2 B-84
100 _aBrzezniak, Zdzislaw
_911920
245 _aBasic Stochastic Processes :
_bA Course Through Exercises.
_cZdzislaw Brzezniak and Tomasz Zastawniak; Board: P.J.Cameron, M.A.J.Chaplain,and other.
264 _aLondon:
_bSpringer,
_c2005.
300 _a226 p. ;
_b24 cm.
653 _aBasic Stochastic Processes.
653 _aმათემატიკური ოპერაციები
700 _aZastawniak, Tomasz.
_eავტორი
_911921
942 _cBK
_2udc